Des célébrités portant les initiales K - Statistiques

Statistiques générales
  • Ce quiz a été pris 85 fois
  • Le résultat moyen est 12 sur 24
Statistiques - réponses
Code Indice Célébrité % Correct
KB Footballeur français, Ballon d’Or 2022 Karim Benzema
89%
KM Footballeur français, champion du monde 2018 Kylian Mbappé
88%
KK Personnalité de téléréalité et femme d’affaires américaine Kim Kardashian
82%
KP Chanteuse pop américaine connue pour Roar et Firework Katy Perry
79%
KC Chanteur et guitariste du groupe Nirvana Kurt Cobain
78%
KL Créateur de mode allemand, directeur artistique de Chanel Karl Lagerfeld
77%
KG Chanteur français, vainqueur de The Voice 2014 Kendji Girac
73%
KW Rappeur, producteur et créateur de mode américain Kanye West
67%
KJ Dirigeant suprême de la Corée du Nord Kim Jong-un
67%
KR Acteur canadien, star de Matrix et John Wick Keanu Reeves
64%
KS Actrice américaine révélée par Twilight Kristen Stewart
64%
KF Animatrice télé et ancienne mannequin française Karine Ferri
63%
KD Star NBA, double champion avec Golden State Warriors Kevin Durant
58%
KT Gardien de but allemand, ancien joueur du Paris Saint-Germain Kevin Trapp
49%
KZ Footballeur français, défenseur de West Ham United, impliqué dans une affaire grave avec son animal de compagnie Kurt Zouma
47%
KA Ancienne star NBA, meilleur marqueur de l’histoire de la ligue Kareem Abdul-Jabbar
37%
KI Star NBA, champion avec Cleveland Cavaliers en 2016 Kyrie Irving
33%
KH Acteur britannique, connu pour Jon Snow dans Game of Thrones Kit Harington
29%
KY Jeune footballeur turc prometteur à la Juve Kenan Yıldız
23%
KV Surfeur professionnel français, champion olympique Kauli Vaast
22%
KN Ancien champion UFC invaincu en arts martiaux mixtes Khabib Nurmagomedov
16%
KE Claviériste britannique, fondateur d’Emerson, Lake & Palmer Keith Emerson
15%
KO Chanteuse et personnalité télé britannique Kelly Osbourne
3%
KU Mannequin et actrice américaine Kate Upton
1%
Aucun quiz correspondant
Distribution des résultats
% des personnes avec chaque résultat
Percentile par nombre de réponses
Votre historique - résultats
Vous n’avez pas pris ce quiz